[Event "9th LCC FIDE Open 2017"]
[Site "London"]
[Date "2017.12.04"]
[Round "4"]
[White "Ladron De Guevara Pinto, Paolo"]
[Black "Sargissian, Gabriel"]
[Result "1/2-1/2"]
[WhiteElo "2422"]
[BlackElo "2672"]
[Annotator "TA"]
[PlyCount "76"]
[EventDate "2017.??.??"]
[EventCountry "ENG"]
[SourceTitle "playchess.com"]
[Source "ChessBase"]
[SourceQuality "1"]

{[%evp 17,76,24,43,39,48,0,0,0,2,-6,-6,-10,3,-27,-28,-46,-50,-49,-32,-29,-30,-17,-17,-17,-4,-31,-28,-38,-16,-18,-20,-45,-28,-29,-31,-35,0,-4,0,-59,0,-15,0,0,46,0,0,0,0,0,0,0,0,0,0,0,0,0,0,0,0]} 1. e4 e5 2. Nf3 Nc6 3. Bb5 a6 4. Ba4 d6 5. c3 Bd7 6. d4 g6 7. Bg5 f6 8. Be3 Nh6 9. h3 Bg7 {LiveBook: 7 Games. C76: Ruy Lopez: Deferred Steinitz: 5 c3 Bd7 6 d4 g6} (9... Nf7 10. dxe5 Ncxe5 11. Bb3 Nxf3+ 12. Qxf3 Bg7 13. Nd2 a5 14. a4 Qe7 15. O-O O-O 16. Rae1 Kh8 17. Qd1 b5 18. Qc2 f5 19. Bd4 f4 20. Bxf7 Rxf7 21. Nf3 c5 22. Bxg7+ Rxg7 23. e5 {½-½ (23) Ter Sahakyan,S (2577)-Short,N (2688) Abu Dhabi 2017}) 10. dxe5 dxe5 11. Bc5 (11. c4 {looks sharper.} O-O 12. Nc3 Nf7 13. O-O f5 14. Qd5) 11... Bf8 $146 ({Predecessor:} 11... b6 12. Qd5 b5 13. Bb3 Rb8 {0-1 (37) Orev,P (2245)-Neverov,A (2425) Gyongyos 1996}) 12. Bxf8 Kxf8 13. O-O Kg7 14. Qe2 Qe7 15. Bc2 Nd8 16. Nbd2 Ne6 17. Qe3 Qc5 (17... a5 {keeps more tension.} 18. Rfd1 Rhd8 19. a4 b6 20. Nc4 Nf7) 18. Qxc5 Nxc5 19. a4 a5 20. Rfd1 {[#] Hoping for Nb3.} Nf7 21. Ne1 Rhd8 22. f3 b6 23. Kf2 Be6 24. Ke3 Rd6 25. b4 Nb7 26. Bd3 Rc6 27. Rdc1 Rd6 ({Better is} 27... f5 $11) 28. Rd1 $15 Rc6 29. Rdc1 Nfd6 ({Black should play} 29... f5 $11) 30. b5 $14 Rc5 31. Be2 Nc4+ {The position is equal.} 32. Nxc4 Bxc4 33. Bxc4 Rxc4 34. Nd3 Rd8 35. Nb2 Rc5 36. Nd3 Rc4 37. Nb2 Rc5 38. Nd3 Rc4 {Precision: White = 71%, Black = 52%.} 1/2-1/2

[Event "9th LCC FIDE Open 2017"]
[Site "London"]
[Date "2017.12.04"]
[Round "4"]
[White "Raja Harshit"]
[Black "Iturrizaga Bonelli, Eduardo"]
[Result "1/2-1/2"]
[WhiteElo "2420"]
[BlackElo "2665"]
[Annotator "TA"]
[PlyCount "34"]
[EventDate "2017.??.??"]
[EventCountry "ENG"]
[SourceTitle "playchess.com"]
[Source "ChessBase"]
[SourceQuality "1"]

{[%evp 29,34,49,50,31,65,65,58]} 1. e4 c5 2. Nf3 g6 3. d4 cxd4 4. Nxd4 Bg7 5. c4 Nc6 6. Be3 Nf6 7. Nc3 Ng4 8. Qxg4 Nxd4 9. Qd1 Ne6 10. Qd2 Qa5 11. Rc1 b6 12. Qd5 Rb8 {B39: Sizilianisch (Maroczy-Aufbau)} 13. Qxa5 bxa5 14. b3 Bd4 15. Bxd4 Nxd4 {LiveBook: 4 Partien. Weiß steht etwas besser.} 16. Rd1 $146 ({Vorgänger:} 16. Bd3 d6 17. c5 dxc5 18. Na4 Bd7 19. Nxc5 Bc6 20. Rc4 {1-0 (49) Jurcik,M (2477)-Mas,H (2416) Prievidza 2009}) 16... Nc6 17. Be2 d6 1/2-1/2

[Event "9th LCC FIDE Open 2017"]
[Site "London"]
[Date "2017.12.04"]
[Round "4"]
[White "Sundararajan, Kidambi"]
[Black "Nabaty, Tamir"]
[Result "1/2-1/2"]
[WhiteElo "2419"]
[BlackElo "2657"]
[Annotator "TA"]
[PlyCount "131"]
[EventDate "2017.??.??"]
[EventCountry "ENG"]
[SourceTitle "playchess.com"]
[Source "ChessBase"]
[SourceQuality "1"]

{[%evp 12,131,18,0,6,6,0,0,7,5,7,-19,-18,-43,-48,-56,-63,-57,-61,-211,-56,-60,-54,-59,-56,-56,-59,-59,-59,-59,-59,-59,-59,-58,-59,-59,-58,-60,-39,-60,-32,-51,-49,-56,-52,-63,-39,-49,-40,-42,-43,-50,-34,-43,-45,-90,-85,-99,-105,-86,-87,-125,-64,-103,-93,-102,-115,-102,-33,-41,-29,-29,-29,-29,-29,-29,-29,-29,-29,-29,-29,-29,0,-8,0,-29,-8,-8,-8,-8,-8,-8,-8,-8,-8,-8,-8,-8,-8,-8,-8,-8,-8,-8,0,0,-8,-8,-8,-8,-8,-8,-8,-8,-8,-8,-8,-8,0,0,0,0]} 1. Nf3 d5 2. b3 Nf6 3. Bb2 e6 4. e3 Bd6 5. c4 O-O 6. Nc3 {A13: English Opening: 1...e6} b6 7. Qc2 {LiveBook: 5 Games} Bb7 (7... c6 8. Be2 Bb7 9. cxd5 exd5 10. O-O Nbd7 11. Rac1 Re8 12. Rfd1 Nc5 13. d3 Rc8 {0-1 (59) So,W (2812)-Caruana,F (2808) Paris 2017}) 8. cxd5 exd5 $146 ({Predecessor:} 8... Nxd5 9. Nxd5 Bxd5 10. e4 Bb7 11. Bc4 Nd7 12. O-O {1-0 (58) Martinez Martin,D (2398)-Cao Armillas,J (2189) Madrid 2011}) 9. Nb5 c5 10. Nxd6 Qxd6 11. Be2 d4 12. O-O {[%cal Re3d4]} Ng4 $36 {[%cal Bf6g4,Bg4h2,Bh2f3,Bf3h4][%mdl 2080] Black has the initiative.} 13. g3 {[%cal Rf3d4] [#]} d3 $1 {[%mdl 512]} 14. Bxd3 (14. Qxd3 Qxd3) 14... Bxf3 15. Bxh7+ Kh8 16. Be4 $1 {[%cal Re4f3] [#]} Nxh2 $1 {[%mdl 512] And now ...Bxe4 would win.} 17. Qc3 {[%csl Gb2][%cal Rc3g7]} (17. Kxh2 Qh6+) 17... Rg8 $1 ({But not} 17... Qh6 $6 18. Bxf3 Nxf3+ 19. Kg2 $11) 18. Bxf3 ({Don't blunder} 18. Bxa8 $2 Bxa8 19. Qc4 Nf3+ 20. Kg2 Re8 $19) 18... Nxf3+ 19. Kg2 {White threatens Rh1+ and mate.} Qc6 {( -> ...Ne1+)} 20. e4 $1 {[#] Threatening mate with Rh1+.} Nh4+ $1 {[%mdl 512]} 21. gxh4 Qxe4+ 22. Qf3 Qxf3+ $1 23. Kxf3 Nc6 24. Rg1 f6 25. Rae1 Rad8 26. Bc3 Rd6 27. Re4 Rgd8 28. Rge1 Kg8 29. Re8+ Kf7 30. Rxd8 Rxd8 $15 {[%mdl 4096] Endgame KRB-KRN} 31. Re4 Rd3+ 32. Ke2 Rh3 33. b4 cxb4 34. Bxb4 Nxb4 35. Rxb4 $17 {KR-KR} Ra3 36. Rb2 Kg6 (36... g6 $17 37. f3 Ra4) 37. d3 Ra4 38. Ke3 Rxh4 39. d4 Kf5 ({Better is} 39... Rh5 $17 40. Re2 Kf7) 40. a4 $1 $15 Rh3+ 41. f3 g5 {Strongly threatening ...g4.} 42. Rb5+ $1 Ke6 {Threatens to win with ...g4.} 43. Ke4 $1 Rh4+ 44. Ke3 Kd6 45. Rf5 $1 Rf4 46. Rb5 $1 Rh4 47. Rf5 $1 Ke6 48. Rb5 g4 49. fxg4 {The position is equal.} Rxg4 {Hoping for ...Rg3+.} 50. d5+ $1 Ke5 (50... Kd6 $5 51. a5 $8 Kc7 $11) 51. a5 bxa5 52. Rxa5 Rg3+ 53. Kf2 Rg7 54. Ke3 Rf7 55. Kf3 f5 {[%cal Bf6f5,Bf5f4][%mdl 32]} 56. Ke3 f4+ 57. Kf3 Kd6 58. Rb5 Kc7 59. Rb4 Rf5 60. Rxf4 Rxd5 61. Ke3 Kc6 {With the idea ...Kb5.} 62. Rd4 Rc5 63. Ra4 a5 64. Kd4 Kb5 {[#]} 65. Rxa5+ $1 {[%mdl 512]} Kxa5 66. Kxc5 {Precision: White = 76%, Black = 69%.} 1/2-1/2

[Event "9th LCC FIDE Open 2017"]
[Site "London"]
[Date "2017.12.04"]
[Round "4"]
[White "Hansen, Torbjorn Ringdal"]
[Black "Moussard, Jules"]
[Result "1/2-1/2"]
[WhiteElo "2408"]
[BlackElo "2576"]
[Annotator "TA"]
[PlyCount "115"]
[EventDate "2017.??.??"]
[EventCountry "ENG"]
[SourceTitle "playchess.com"]
[Source "ChessBase"]
[SourceQuality "1"]

{[%evp 20,115,25,14,27,21,50,34,61,56,100,87,104,85,165,153,202,200,182,153,220,60,58,58,90,89,114,98,136,104,158,161,159,114,116,131,113,92,136,148,136,0,0,0,37,8,30,0,0,0,0,0,35,-266,39,33,26,35,37,35,35,31,21,-8,-9,-51,-51,-51,-51,-52,-53,-52,-46,-40,-12,-12,-12,-12,-12,-12,0,0,0,0,0,0,0,0,0,0,8,8,12,0,0,0,0,0]} 1. e4 e5 2. Nf3 d6 3. d4 exd4 4. Nxd4 Nf6 5. Nc3 Be7 6. g3 O-O 7. Bg2 {C41: Philidor Defence} Re8 8. O-O c6 9. h3 Bf8 10. Nde2 Nbd7 11. g4 {LiveBook: 3 Games} Nc5 {[%cal Rf6e4]} 12. Ng3 $1 Rb8 $146 ({Predecessor:} 12... g6 13. Be3 Ne6 {0-1 (49) Zhang,Z (2649)-Bu,X (2714) Beijing 2008}) 13. a4 {[%cal Ba2a4,Ba4a5][%mdl 32]} a6 14. a5 g6 15. Be3 Qc7 16. Qd2 Bg7 (16... Nfd7 $16 {keeps fighting.}) 17. Rfd1 Re6 18. f4 Ne8 19. g5 Re7 {[#]} (19... Nd7 $16 20. f5 Re5) 20. Bxc5 $2 ({White should play} 20. e5 $1 $18 {[%cal Re5d6][%mdl 512]} Re6 (20... dxe5 21. Bxc5) 21. b4) 20... dxc5 $14 21. e5 h6 22. h4 Bg4 23. Re1 Rd7 24. Qe3 Bf8 (24... Rbd8 $142) 25. Nce4 $16 c4 26. Bf1 Be6 27. Ra4 Rbd8 {[#]} 28. h5 $1 Kh8 29. hxg6 fxg6 30. Nc5 ({White should try} 30. gxh6 $16 Bd5 31. e6 (31. Bxc4 Bxc4 32. Rxc4 Bxh6 $16)) 30... Bxc5 $1 $11 31. Qxc5 hxg5 32. Qf8+ (32. Ne4 $5 {[%cal Rc5f8]}) 32... Bg8 $1 33. e6 Ng7 $1 34. e7 {And now Re2 would win.} Re8 ({But not} 34... Qxf4 $2 35. Qxf4 gxf4 36. exd8=B $18) 35. Re2 {[%cal Be1e2,Be2h2,Bh2h5][%mdl 32] White threatens Rh2+ and mate.} Rdxe7 36. Rh2+ Nh5 37. Qf6+ $1 Rg7 {Hoping for ...b5.} 38. Nxh5 gxh5 39. Rxh5+ Bh7 40. Rxg5 b5 $1 {[%cal Rb5a4]} 41. Ra3 {Rag3 is the strong threat.} (41. axb6 {seems wilder.} Qxb6+ 42. Kh2 Ree7 43. Bg2 Ref7 44. Qc3) 41... Qe7 42. Qxg7+ (42. Qxe7 {keeps more tension.} Rexe7 43. Kf2 Rxg5 44. fxg5 Bxc2 45. Re3) 42... Qxg7 43. Rxg7 Kxg7 {[%mdl 4096] Endgame KRB-KRB} 44. Rc3 Re1 45. Kf2 Ra1 46. b4 Rb1 47. Rg3+ {The position is equal.} Kf6 48. c3 Rc1 49. Bh3 Rc2+ 50. Ke1 Bd3 51. Re3 Rxc3 52. Re6+ Kf7 {aiming for ...Bc2.} 53. Rxc6 Rb3 54. Be6+ Ke7 55. f5 {Black must now prevent f6+!} Be4 56. f6+ Kxf6 57. Bxc4+ $1 Bxc6 58. Bxb3 {Precision: White = 75%, Black = 48%.} 1/2-1/2

[Event "9th LCC FIDE Open 2017"]
[Site "London"]
[Date "2017.12.04"]
[Round "4"]
[White "McDonald, Neil"]
[Black "Le Roux, Jean-Pierre"]
[Result "1/2-1/2"]
[WhiteElo "2397"]
[BlackElo "2560"]
[Annotator "TA"]
[PlyCount "117"]
[EventDate "2017.??.??"]
[EventCountry "ENG"]
[SourceTitle "playchess.com"]
[Source "ChessBase"]
[SourceQuality "1"]

{[%evp 14,117,28,27,28,26,33,37,43,50,46,63,81,63,91,89,97,99,91,90,93,91,93,102,95,109,107,108,106,106,92,94,277,264,236,200,185,197,189,195,187,185,189,173,187,182,239,160,202,80,186,93,199,200,185,167,185,181,185,170,167,125,118,133,127,126,119,118,118,118,112,104,156,160,187,168,186,185,150,183,159,154,154,154,141,156,162,102,150,159,154,15,8,0,0,0,0,0,0,0,0,0,0,0,0,0]} 1. e4 e5 2. Nf3 Nc6 3. Bc4 g6 4. d4 exd4 5. Nxd4 Bg7 6. Be3 d6 7. Nc3 Nf6 8. Qd2 {LiveBook: 3 Games. C50: Hungarian Defence and Giuoco Pianissimo} O-O 9. O-O-O Nxd4 (9... Re8 10. f3 Ne5 11. Be2 a6 12. Nb3 b5 13. Bg5 Be6 14. Nd5 c5 15. Nxf6+ Bxf6 16. Bxf6 Qxf6 {½-½ (16) Lupulescu,C (2599)-Marin,M (2616) Eforie Nord 2009}) 10. Bxd4 {White is slightly better.} Be6 11. Bxe6 fxe6 12. f3 Nh5 13. Bxg7 Kxg7 14. e5 {[%cal Re5d6]} dxe5 15. Qe3 Qf6 16. Rd7+ Rf7 17. Rhd1 $36 {[%mdl 2048] Keeping Black busy.} Raf8 $146 18. Ne4 Qf4 19. Qxf4 Nxf4 20. Ng5 Rxd7 21. Rxd7+ $16 {[%mdl 4096] Endgame KRN-KRN} Kg8 22. Nxh7 Rc8 $2 (22... Rf7 $16 23. Rxf7 Kxf7) 23. Nf6+ Kf8 24. Kd2 Nxg2 25. Kd3 Ne1+ 26. Ke4 Nxc2 27. Kxe5 c5 28. Rxb7 Nd4 29. f4 Rc6 (29... Rd8 $142 30. b3 a6) 30. h3 a5 31. b3 (31. Nd7+ $18 Ke8 32. Kf6) 31... Nf3+ 32. Ke4 Nd2+ (32... c4 $16 {was called for.}) 33. Ke3 $18 Nf1+ 34. Ke2 Ng3+ 35. Kf3 Nf5 36. Nd7+ Ke8 37. Ne5 Rd6 38. Rb8+ Ke7 39. Nxg6+ Kf6 40. Ne5 {Threatens to win with Rb7.} Rd1 41. Rf8+ Ke7 42. Ra8 Nd4+ ({Better is} 42... Rf1+ 43. Ke2 Rh1 44. Ra7+ (44. Rxa5 Rxh3 45. Ra7+ Kd8 $16) 44... Kd8) 43. Kg4 $1 $16 Rg1+ 44. Kh5 Ne2 {[#]} 45. Ra7+ $1 ({Don't take} 45. Rxa5 $6 Nxf4+ 46. Kh4 Kd6 $16) 45... Ke8 46. Ng6 a4 47. Rxa4 Kf7 {White must now prevent ...Ng3+.} 48. Ne5+ Kf6 {[#]} 49. Ng4+ $1 Kf5 50. Ne3+ Kf6 51. Rc4 Rg7 52. Ng4+ (52. Rxc5 $16 {And now Ng4+ would win.} Nxf4+ 53. Kh4 Rh7+ 54. Kg3 Ne2+ 55. Kf2) 52... Kf7 $1 $11 {The position is equal.} 53. Ne5+ Kf6 54. Kh6 Ng3 55. Ng4+ Kf7 56. Ne5+ Kf6 57. Ng4+ Kf7 58. Ne5+ Kf6 59. Ng4+ {Precision: White = 67%, Black = 67%.} 1/2-1/2

[Event "9th LCC FIDE Open 2017"]
[Site "London"]
[Date "2017.12.04"]
[Round "4"]
[White "Sai Agni Jeevitesh, J."]
[Black "Gormally, Daniel W"]
[Result "1/2-1/2"]
[WhiteElo "2384"]
[BlackElo "2477"]
[Annotator "TA"]
[PlyCount "72"]
[EventDate "2017.??.??"]
[EventCountry "ENG"]
[SourceTitle "playchess.com"]
[Source "ChessBase"]
[SourceQuality "1"]

{[%evp 25,72,-13,0,-5,-5,-5,-6,-4,-9,-38,-2,-17,-13,-16,-3,-4,-4,-4,-4,-3,0,-6,0,-4,-10,-2,-6,-18,-6,-16,-7,-9,-10,-18,-13,-22,-21,-21,-31,-117,-25,-31,-31,-31,-27,-19,-21,-26,0]} 1. d4 Nf6 2. Nf3 e6 3. e3 c5 4. c4 cxd4 5. exd4 d5 6. Nc3 Be7 7. cxd5 Nxd5 8. Bd3 Nc6 9. O-O O-O 10. Re1 Nf6 11. a3 b6 12. Bc4 Bb7 13. Ba2 {D40: Queen's Gambit Declined: Semi-Tarrasch with 5 e3} Rc8 {[#] LiveBook: 33 Games} 14. d5 $146 ({Predecessor:} 14. Qd3 h6 15. Be3 Re8 16. Rad1 Bf8 17. Bf4 Ne7 18. Rxe6 Bxf3 19. Rxf6 Bxd1 20. Rxf7 Kh8 21. Qxd1 Ng6 22. Be3 Rc7 23. Qg4 Rxf7 24. Bxf7 {1-0 (23) Cori Tello,J (2657)-Azarov,S (2556) Saint Louis 2017}) 14... Nxd5 15. Nxd5 {The position is equal.} exd5 16. Bxd5 Bf6 17. Rb1 Qd7 {Black wants to play ...Rcd8.} 18. Be4 Qxd1 19. Rxd1 Rfe8 (19... Rfd8 {is more complex.} 20. Rxd8+ Nxd8 21. Bxb7 Nxb7 22. Be3 g6) 20. Bd5 h6 21. Be3 Rcd8 22. b4 Rd7 23. b5 Na5 24. Bxb7 Rxb7 25. Bd4 Bxd4 26. Nxd4 Rc7 27. Rbc1 Rec8 28. Rxc7 Rxc7 $11 {[%mdl 4096] Endgame KRN-KRN} 29. Kf1 Rc3 30. Nc6 (30. Re1 {looks sharper.} Kf8 31. a4 g6 32. Re4 Ra3 33. g4) 30... Nxc6 31. bxc6 Rxc6 {KR-KR} 32. Rd8+ $1 Kh7 33. Rd7 a5 34. Rxf7 Rc3 35. Rb7 Rxa3 36. Rxb6 g5 {Precision: White = 54%, Black = 79%.} 1/2-1/2

[Event "9th LCC FIDE Open 2017"]
[Site "London"]
[Date "2017.12.04"]
[Round "4"]
[White "Vo, Thi Kim Phung"]
[Black "Kotronias, Vasilios"]
[Result "1/2-1/2"]
[WhiteElo "2380"]
[BlackElo "2524"]
[Annotator "TA"]
[PlyCount "63"]
[EventDate "2017.??.??"]
[EventCountry "ENG"]
[SourceTitle "playchess.com"]
[Source "ChessBase"]
[SourceQuality "1"]

{[%evp 20,63,48,52,50,54,66,-8,-7,0,0,0,0,0,24,-42,-39,-14,-59,-41,0,0,0,0,0,0,0,0,11,10,23,14,73,72,81,71,71,84,95,82,77,0,70,0,89,0]} 1. d4 Nf6 2. c4 g6 3. Nc3 Bg7 4. e4 d6 5. Nf3 O-O 6. Be2 c5 7. d5 e6 8. O-O Re8 9. Nd2 exd5 10. cxd5 Nbd7 11. h3 {LiveBook: 50 Games} h6 {A77: Modern Benoni: Classical: 9...Re8 10 Nd2: 10...a6 and 10...Nbd7} (11... a6 12. a4 h6 13. f4 Rb8 14. a5 b5 15. axb6 Rxb6 16. Nc4 Nxe4 17. Nxe4 Rxe4 18. Nxb6 Qxb6 19. Bf3 Rb4 20. Re1 {½-½ (61) Wojtaszek,R (2734)-Donchenko,A (2563) Chartres 2017}) 12. a4 g5 13. Nc4 $146 (13. f4 $14) ({Predecessor:} 13. f4 gxf4 14. Rxf4 Ne5 15. Ra3 Ng6 16. Rf1 b6 17. Bb5 Re7 18. Qf3 a6 19. Be2 {1-0 (53) Magerramov,E (2435)-Kasparov,G Baku 1979}) 13... Nxe4 $11 {The position is equal.} 14. Nxe4 Rxe4 15. Nxd6 Rd4 16. Qc2 Nb6 17. Nb5 (17. Nxc8 $11 Rxc8 18. f4) 17... Rxd5 $15 18. a5 Bf5 19. Qb3 c4 20. Qf3 Rxb5 21. axb6 Qxb6 22. Bxc4 Re5 23. Be3 Qxb2 {[#]} 24. Bxf7+ $1 {[%mdl 512]} Kh7 ({Don't play} 24... Kxf7 $6 25. Rab1 $16) 25. Rad1 {Black must now prevent Bd4.} Qa3 (25... Rf8 $11 26. Bd4 Qe2) 26. Qxb7 $16 Rf8 27. Bc4 a5 28. Qa6 Rf6 29. Qa8 Rf8 30. Qa6 Rf6 $1 {[%cal Rf6a6]} 31. Qa8 {[#] Qg8+ is the strong threat.} Rf8 $1 {[%cal Rf8a8]} 32. Qa6 {Precision: White = 52%, Black = 68%.} (32. Qa7 $16) 1/2-1/2

[Event "9th LCC FIDE Open 2017"]
[Site "London"]
[Date "2017.12.04"]
[Round "4"]
[White "Stauskas, Lukas"]
[Black "Bilguun, Sumiya"]
[Result "0-1"]
[WhiteElo "2349"]
[BlackElo "2459"]
[Annotator "TA"]
[PlyCount "72"]
[EventDate "2017.??.??"]
[EventCountry "ENG"]
[SourceTitle "playchess.com"]
[Source "ChessBase"]
[SourceQuality "1"]

{[%evp 31,72,0,0,-13,0,-32,0,-1,0,-68,-83,-80,-87,-88,-95,-59,-53,-65,0,0,0,0,0,-57,0,-95,-54,-162,-72,-202,-202,-212,-214,-360,-373,-362,-356,-337,-344,-459,-457,-811,-808]} 1. d4 d5 2. Nf3 e6 3. c4 c6 4. Nc3 dxc4 5. a4 Bb4 6. e3 b5 7. Bd2 a5 8. axb5 Bxc3 9. Bxc3 cxb5 {[%cal Bc6b5,Bb5b4][%mdl 32]} 10. b3 Bb7 11. bxc4 b4 12. Bb2 Nf6 13. Bd3 O-O 14. O-O Nbd7 15. Nd2 Re8 {D31: Queen's Gambit Declined: Semi-Slav without ...Nf6 (+ Marshall Gambit and Noteboom) and Exchange Variation lines without ...Nf6} (15... e5 16. d5 Re8 17. f4 Qe7 18. Bc2 Qd6 19. Kh1 e4 20. Ba4 Rec8 21. Bxd7 Nxd7 22. Qg4 Nf6 23. Nxe4 Nxg4 24. Nxd6 Nxe3 {½-½ (44) Lenderman,A (2626)-Tomashevsky,E (2744) Doha 2015}) 16. f3 e5 {LiveBook: 3 Games} 17. Qc2 h6 {The position is equal.} 18. Rfd1 Qe7 $146 ({Predecessor:} 18... Qc7 19. Nf1 e4 20. Be2 Nb6 21. Qb3 Qe7 22. d5 Nbd7 23. Bd4 {1-0 (48) Izzat,K (2491)-Solomon,S (2367) Ballarat 2016}) 19. c5 {aiming for c6.} exd4 20. exd4 (20. Bxd4 $11 Ne5 21. Bf1) 20... a4 $15 21. Nc4 a3 22. Bc1 Bc6 $1 {...Nxc5! is the strong threat.} 23. Qf2 Nd5 $36 {[%mdl 2048] White is under pressure.} 24. Nd6 Rf8 ({Better is} 24... Nc3 $15 25. Rf1 Reb8) 25. Re1 Qf6 {Threatening ...Nxc5!} 26. Ne4 Qg6 27. Bc4 (27. Rd1 $11) 27... N7f6 (27... Rfb8 $15) 28. Bd2 (28. Nd6 $1 $11) 28... Rfb8 $17 {Hoping for ...b3.} 29. Nxf6+ (29. Bc1 $1 $15) 29... Nxf6 (29... Qxf6 $19 {has better winning chances.} 30. Bb3 Nc3) 30. Re3 (30. Bf4 $17) 30... Nd5 $19 31. Rb3 {[#]} Qc2 $1 {[%cal Rc2c4]} 32. Rc1 {[#]} (32. Bxd5 $142 Bxd5 33. Rxb4 Rxb4 34. Bxb4) 32... Qxc4 $1 {[%mdl 512]} 33. Rxc4 {Strongly threatening Qe1.} a2 34. Rc1 a1=Q 35. Rxa1 Rxa1+ 36. Be1 (36. Qe1 $142 Rxe1+ 37. Bxe1) 36... Re8 {Precision: White = 28%, Black = 68%.} 0-1

[Event "9th LCC FIDE Open 2017"]
[Site "London"]
[Date "2017.12.04"]
[Round "4"]
[White "Marzano, Carlo"]
[Black "Zhou, Yang-Fan"]
[Result "0-1"]
[WhiteElo "2261"]
[BlackElo "2459"]
[Annotator "TA"]
[PlyCount "126"]
[EventDate "2017.??.??"]
[EventCountry "ENG"]
[SourceTitle "playchess.com"]
[Source "ChessBase"]
[SourceQuality "1"]

{[%evp 21,126,85,95,25,49,0,0,0,0,0,0,-25,9,-38,-11,-20,-1,-39,-31,-62,-61,-80,-84,-81,-82,-83,-80,-104,-103,-110,-103,-91,-25,-83,-78,-113,-80,-96,-68,-97,-71,-92,-65,-102,-63,-123,-122,-124,-120,-166,-78,-183,-183,-183,-183,-242,-224,-322,-220,-221,-223,-302,-314,-439,-418,-519,-488,-669,-639,-812,-719,-709,-527,-558,-485,-733,-708,-804,-744,-945,-945,-945,-938,-908,-754,-712,-686,-1206,-1189,-29974,-29975,-29975,-29976,-29974,-29975,-29954,-29957,-29981,-29976,-29982,-29983,-29983,-29984,-29983,-29984,-29991,-29992]} 1. d4 g6 2. c4 Bg7 3. Nf3 d6 4. e4 Nf6 5. Nc3 O-O 6. Be2 Nbd7 7. Be3 e5 8. d5 Ng4 9. Bg5 f6 10. Bd2 {E93: King's Indian: Classical: Petrosian System with 7...Nbd7} Nh6 (10... f5 11. Ng5 Ndf6 12. exf5 gxf5 13. h3 Nh6 14. Ne6 Bxe6 15. dxe6 f4 16. Qc2 Qe7 17. g4 fxg3 18. fxg3 Qxe6 {½-½ (27) Krasenkow,M (2628)-Smirin,I (2652) Stockholm 2013}) 11. h4 f5 {LiveBook: 5 Games} 12. Ng5 ({White should try} 12. h5 $16) 12... Nc5 $11 {[%cal Bd7c5,Bc5a6,Ba6c7,Bc7e8,Be8g7][%mdl 32]} 13. h5 $146 {Hoping for b4.} ({Predecessor:} 13. b4 Nxe4 14. Ncxe4 fxe4 15. Nxe4 Bf5 16. Bg5 Qd7 17. Bd3 a5 {1-0 (40) Ellers,H (2360)-Kovalev,A (2505) Germany 1995}) 13... f4 14. Nh3 g5 {[%cal Bg6g5,Bg5g4][%mdl 32]} 15. f3 Bf6 16. b4 g4 17. Nf2 Na6 18. a3 {[%cal Rf2g4]} Bh4 19. Bf1 c5 20. b5 Nc7 21. Ke2 Ne8 22. Nd3 Ng7 23. Be1 g3 24. Kd2 Nxh5 25. Kc2 Ng7 26. a4 a6 (26... Bg5 $17) 27. Qb1 (27. a5 $11 {keeps the balance.}) 27... Bg5 $17 28. Ne2 Nf7 29. Bc3 Nh8 30. Qb2 Ng6 31. Ndc1 h5 32. Ng1 Be7 33. Nce2 ({White should play} 33. a5 $15) 33... Bd7 34. Nc1 h4 35. Nb3 b6 (35... Nh5 $19 36. Nh3 Kf7) 36. Nc1 (36. a5 $17) 36... Nh5 $19 37. Nb3 Nf6 38. Nc1 (38. a5 $142) 38... Nh7 39. Nh3 (39. Nd3 $142) 39... Ng5 40. Nxg5 Bxg5 41. Ne2 {[#]} h3 $1 {[%mdl 512]} 42. gxh3 Nh4 43. Rg1 Nxf3 44. Rh1 Qf6 45. Qc1 Nh4 46. Rg1 Kh8 47. Qd1 axb5 48. axb5 (48. cxb5 $142 Rfc8 49. Kb2) 48... Rxa1 49. Bxa1 Nf3 50. Bg2 Nxg1 51. Nxg1 {[#]} f3 $1 52. Nxf3 (52. Qxf3 Qxf3) 52... Bh6 53. Bc3 {[#]} Bxh3 $1 {[%mdl 512]} 54. Nxe5 (54. Bxh3 Qxf3) 54... dxe5 (54... Qf2+ $2 55. Kb3 $19) 55. Qh5 Bxg2 {Black mates.} 56. Bxe5 Bxe4+ 57. Kb3 {[#]} Kh7 $1 58. Bxf6 Rxf6 59. Qg4 Rg6 60. Qxe4 g2 61. Qe7+ {[#]} Bg7 $1 62. Qh4+ Kg8 63. Qd8+ Bf8 {Precision: White = 27%, Black = 70%.} 0-1

[Event "9th LCC FIDE Open 2017"]
[Site "London"]
[Date "2017.12.04"]
[Round "4"]
[White "Globus, Or"]
[Black "Williams, Simon K"]
[Result "1/2-1/2"]
[WhiteElo "2253"]
[BlackElo "2453"]
[Annotator "TA"]
[PlyCount "51"]
[EventDate "2017.??.??"]
[EventCountry "ENG"]
[SourceTitle "playchess.com"]
[Source "ChessBase"]
[SourceQuality "1"]

{[%evp 17,51,27,37,18,64,50,68,66,77,74,81,68,84,84,85,59,53,31,52,32,36,38,61,32,54,42,43,36,56,29,29,29,29,29,47,0]} 1. d4 e6 2. c4 f5 3. g3 Nf6 4. Bg2 Be7 5. Nf3 d5 6. O-O c6 7. b3 Ne4 8. Bb2 Nd7 9. Nbd2 O-O {LiveBook: 16 Games} 10. e3 {E07: Closed Catalan: Main Line (5 Nf3 0-0 6 0-0 Nbd7)} (10. Ne1 b5 11. Nd3 bxc4 12. bxc4 Rb8 13. c5 Ba6 14. Nb3 Bf6 15. Qc2 Qc7 16. f3 Ng5 17. Rab1 e5 18. dxe5 Nxe5 19. Bxe5 Bxe5 {1-0 (45) Demuth,A (2531)-Hutois,M (2279) Sables d'Olonne 2015}) 10... Nd6 11. Qc2 Nf6 12. Ne5 $146 ({Predecessor:} 12. a4 Bd7 13. a5 a6 14. Ne1 h5 15. h4 Nde4 16. Nd3 Ng4 17. Nxe4 fxe4 {0-1 (80) Sudomir,J (1730)-Khadzhiev,V (2179) St Petersburg 2017}) 12... Bd7 13. Nd3 Be8 14. Nf3 Nf7 15. a4 a5 16. c5 g5 17. Bc3 Bd7 18. b4 axb4 19. Bxb4 Bc8 20. Rfb1 Nd7 21. Qb2 Bf6 22. Bc3 h5 23. Nfe5 Nfxe5 24. dxe5 Be7 25. Bd4 Rf7 26. Qc3 {Precision: White = 27%, Black = 49%.} 1/2-1/2